000 01040nam a2200229 a 4500
001 000042158
005 20240307173900.0
008 131118s2013 dr c 000 0 spa d
020 _a9789945165814
040 _aDO-SdBNP
_bspa
_cBNPHU
082 _axxx
_bxxx
100 1 _aRomero, Carmen
_969160
245 1 3 _aEl gran poder del amor. /
_cCarmen Romero; presentación, Franklin Franco, Tirso Meía Ricart, César Mella.
246 1 _aEl gran poder del amor
_bCuando la vida te cierra todas las ventanas Dios te abre una puerta.
260 _a[Santo Domingo], :
_bFUNDONAJCE,
_c2013.
300 _a157 p. :
_brestr. ;
_c22 cm.
500 _aIncluye datos biografícos de la autora en la solapa de la portada
700 1 _aFranco, Franklin
_epres.
_gHistoriador
_969161
700 1 _a Mejía-Ricart G., Tirso,
_d1936-2021
_q(Mejía-Ricart Guzmán)
_epres.
_91569
700 1 _aMella Mejías, César
_d1950-
_epres.
_9210
710 2 _aFundación Dominicana de Padres & Madres con Niños/as, Adolescentes & Jovenes con Condiciones Especiales
_969164
999 _c41647
_d41647